banner-ar

Quantum Chemistry & Spectroscopy / (Record no. 60690)

MARC details
000 -الفاتح
حقل البيانات ثابتة الطول 00607nam a22002297a 4500
005 - وقت وتاريخ اخر تعامل مع التسجيلة
رقم الضبط 20240530110423.0
008 - عناصر البيانات ثابتة الطول - معلومات عامة
حقل البيانات ثابتة الطول 150315b us ae g 001 0 eng d
020 ## - الرقم الدولى المعيارى للكتب
الرقم الدولى المعيارى للكتاب 9780321637819
020 ## - الرقم الدولى المعيارى للكتب
الرقم الدولى المعيارى للكتاب 032163781
040 ## - مصدر الفهرسة
وكالة الفهرسة الأصلية EG-CaGPL
وكالة النسخ EG-CaGPL
082 04 - رقم تصنيف ديوى العشرى
رقم الطبعة 21
رقم التصنيف 541.28\
رقم المادة E Q
100 1# - المدخل الرئيسى - إسم شخصى
الإسم الشخصى Engel , Thomas
245 10 - بيان العنوان
العنوان Quantum Chemistry & Spectroscopy /
بيان المسئوليه,etc Thomas Engel
250 ## - بيان الطبعة
بيان الطبعة ed. 2
260 ## - PUBLICATION, DISTRIBUTION, ETC. (IMPRINT)
تاريخ النشر أو التوزيع 2010 .
300 ## - الوصف المادى
التعداد 489 p. :
تفاصيل ماديه اخرى للوعاء ill. ;
أبعاد الوعاء 30 cm.
650 #0 - المدخل الاضافى بالموضوع-مصطلح موضوعى
مصطلح موضوعي Chemistry
650 #0 - المدخل الاضافى بالموضوع-مصطلح موضوعى
مصطلح موضوعي QUANTUM
942 ## - عناصر المدخل الإضافي( كوها)
مصدر التصنيف او مخطط الترفيف Dewey Decimal Classification
Koha [default] item type كتاب
260 ## - PUBLICATION, DISTRIBUTION, ETC. (IMPRINT)
-- New York :
-- Pearson Prentice Hall ,
Holdings
حالة التراجع حالة الفقد مصدر التصنيف او خطة الترفيف حالة تلف ليس للاعارة المكان المؤقت الموقع الحالى تاريخ الاكتساب اجمالي اﻻعارات رقم الطلب الباركود تاريخ اخر مشاهدة تاريخ تفعيل السعر نوع وعاء كوها
    ddc     مكتبة القاهرة الكبرى مكتبة القاهرة الكبرى 03/15/2015   541.28\ E Q 159792 03/15/2015 03/15/2015 كتاب

Powered By

EGPV